Catálogo
 En Linea

Filosofía del valor. / (Registro nro. 34571)

Detalles MARC
000 -CABECERA
campo de control de longitud fija 00810nam a2200229 a 4500
001 - NÚMERO DE CONTROL
campo de control 000035080
005 - FECHA Y HORA DE LA ÚLTIMA TRANSACCIÓN
campo de control 20200930074106.0
008 - DATOS DE LONGITUD FIJA--INFORMACIÓN GENERAL
campo de control de longitud fija 111024s1974 mx 000 0 spa d
040 ## - FUENTE DE LA CATALOGACIÓN
Centro catalogador/agencia de origen DO-SdBNP
Lengua de catalogación spa
Centro/agencia transcriptor BNPHU
082 ## - NÚMERO DE LA CLASIFICACIÓN DECIMAL DEWEY
Número de clasificación xxxx
Número de documento/Ítem R985p
049 ## - FONDOS LOCALES (OCLC)
Fondos de biblioteca BNGR
100 1# - ENTRADA PRINCIPAL--NOMBRE DE PERSONA
Nombre de persona Ruyer, Raymond
9 (RLIN) 60740
240 10 - TÍTULO UNIFORME
Título uniforme Philosophie de la valeur
Lenguaje de la obra Español
245 10 - MENCIÓN DE TÍTULO
Título Filosofía del valor. /
Mención de responsabilidad, etc. Raymond Ruyer ; traducción de Agustín Ezcurdia hija.
260 ## - PUBLICACIÓN, DISTRIBUCIÓN, ETC.
Lugar de publicación, distribución, etc. México :
Nombre del editor, distribuidor, etc. Fondo de Cultura Económica,
Fecha de publicación, distribución, etc. 1974.
300 ## - DESCRIPCIÓN FÍSICA
Extensión 210 p. ;
Dimensiones 17 cm.
490 1# - MENCIÓN DE SERIE
Mención de serie Breviarios del Fondo de Cultura Económica
Designación de volumen o secuencia 208
500 ## - NOTA GENERAL
Nota general Traducido del inglés
504 ## - NOTA DE BIBLIOGRAFÍA, ETC.
Nota de bibliografía, etc. Bibliografía : p. 203-205
590 ## - NOTA LOCAL (RLIN)
Nota local Perteneció a la biblioteca personal de Juan Isidro
830 #0 - PUNTO DE ACCESO ADICIONAL DE SERIE-TÍTULO UNIFORME
Título uniforme Breviarios del Fondo de Cultura Económica
Designación de volumen o secuencia 208
9 (RLIN) 25786
Existencias
Estado de retiro Estado de pérdida Restricciones de uso No para préstamo Código de colección Localización permanente Ubicación/localización actual Ubicación en estantería Fecha de adquisición Número de inventario Total de préstamos Signatura topográfica completa Código de barras Fecha visto por última vez Precio válido a partir de Tipo de ítem Koha Nota pública
      Excluido de préstamo Monografías: Libros y Folletos General General En catalogación 24.10.2011 LF1   xxxx R985p 35080-10 25.06.2020 25.06.2020 No se presta Perteneció a la biblioteca personal de Juan Isidro Jimenes -Grullón

Con tecnología Koha